[Event "First Saturday 2011 november FM-B"]
[Site "Budapest"]
[Date "2011.11.14"]
[Round "10"]
[White "Koltai, Daniel"]
[Black "Somogyi, Kristof"]
[Result "1-0"]
[WhiteElo "1422"]
[BlackElo "1375"]
[PlyCount "21"]
[EventDate "2011.11.05"]

1. e4 e5 2. Nf3 Nc6 3. Bb5 Bc5 4. O-O Nf6 5. Nxe5 Nxe5 6. d4 Bd6 7. dxe5 Bxe5
8. f4 c6 9. fxe5 Nxe4 10. Qf3 d5 11. Qxf7# 1-0

[Event "First Saturday 2011 november FM-B"]
[Site "Budapest"]
[Date "2011.11.14"]
[Round "10"]
[White "Mihajlova, Diana"]
[Black "Szabo, Miklos"]
[Result "1-0"]
[WhiteElo "1454"]
[BlackElo "1345"]
[PlyCount "95"]
[EventDate "2011.11.05"]

1. e4 e5 2. Nf3 Nc6 3. Bb5 Nf6 4. O-O a6 5. Ba4 Be7 6. Re1 b5 7. Bb3 O-O 8. c3
Na5 9. Bc2 d6 10. d4 exd4 11. cxd4 c5 12. d5 Bg4 13. b3 Re8 14. Bb2 Bf8 15. Qd3
Bh5 16. Bxf6 gxf6 17. Nh4 c4 18. Qg3+ Kh8 19. b4 Nb7 20. Nd2 Be7 21. Nf5 Rg8
22. Qh3 Bg4 23. Qh4 Bxf5 24. exf5 Qc7 25. Nf3 Rg7 26. Nd4 Re8 27. Qh5 Nd8 28.
Re3 c3 29. Bd3 c2 30. Rc1 Qc3 31. Nxc2 Qb2 32. Qd1 Qxa2 33. Be4 Nb7 34. Ra1 Qb2
35. Rxa6 Rc8 36. Rc6 Rcg8 37. Rc7 Qe5 38. Bf3 Qxf5 39. Rexe7 Qh3 40. Ne3 Nd8
41. Qd4 Qxf3 42. Qe4 Rxg2+ 43. Nxg2 Qd1+ 44. Qe1 Qxd5 45. Qf1 h5 46. h3 Qf3 47.
Re3 Qf4 48. Rce7 1-0

[Event "First Saturday 2011 november FM-B"]
[Site "Budapest"]
[Date "2011.11.14"]
[Round "10"]
[White "Bella, Zsolt"]
[Black "Nagy, Peter"]
[Result "1-0"]
[WhiteElo "1457"]
[BlackElo "1575"]
[PlyCount "31"]
[EventDate "2011.11.05"]

1. c4 e5 2. b4 Bxb4 3. Bb2 Nc6 4. a3 Bc5 5. e3 Qe7 6. Qg4 Nf6 7. Qxg7 Rg8 8.
Qh6 d6 9. Bd3 Be6 10. g3 O-O-O 11. Be2 Kb8 12. Qh4 Rg6 13. d4 exd4 14. exd4
Bxd4 15. Bxd4 Bxc4 16. Bxf6 1-0

[Event "First Saturday 2011 november FM-B"]
[Site "Budapest"]
[Date "2011.11.14"]
[Round "10"]
[White "Czipp, Janos"]
[Black "Csetneki, Mark"]
[Result "0-1"]
[WhiteElo "1454"]
[BlackElo "1679"]
[PlyCount "46"]
[EventDate "2011.11.05"]

1. d4 d5 2. c4 c6 3. Nf3 Nf6 4. Nc3 dxc4 5. Ne5 Nbd7 6. Nxc4 b5 7. Nd2 e6 8. e4
e5 9. Nf3 exd4 10. Nxd4 Bb7 11. Bd3 Be7 12. Nf3 b4 13. Ne2 Nc5 14. Nf4 Nxd3+
15. Qxd3 Qxd3 16. Nxd3 Nxe4 17. O-O O-O 18. Re1 f5 19. Nd2 Rad8 20. Nf4 Bc5 21.
Nxe4 fxe4 22. Ne6 Bxf2+ 23. Kh1 Bxe1 0-1

[Event "First Saturday 2011 november FM-B"]
[Site "Budapest"]
[Date "2011.11.15"]
[Round "11"]
[White "Nagy, Peter"]
[Black "Czipp, Janos"]
[Result "1-0"]
[WhiteElo "1575"]
[BlackElo "1454"]
[PlyCount "86"]
[EventDate "2011.11.05"]

1. d4 Nf6 2. c4 d5 3. cxd5 Qxd5 4. Nc3 Qd8 5. e4 c6 6. Nf3 Bg4 7. Be2 e6 8. Bg5
Be7 9. O-O Bxf3 10. Bxf3 O-O 11. Be3 Nbd7 12. Qb3 Nb6 13. Rad1 Rc8 14. d5 exd5
15. exd5 cxd5 16. Nb5 Nc4 17. Nxa7 Nxe3 18. Nxc8 Nxd1 19. Nxe7+ Qxe7 20. Rxd1
Rd8 21. h3 Qd7 22. Qb6 Qe7 23. b4 Rd6 24. Qc5 Qe6 25. Qc7 Qd7 26. Qc5 Rc6 27.
Qe3 Re6 28. Qb3 Rd6 29. a4 d4 30. Rd3 b6 31. a5 b5 32. Qa2 Kf8 33. a6 Qa7 34.
Bb7 Nd7 35. Qc2 Qb8 36. Qe2 Re6 37. Qd2 Qe8 38. Rxd4 Re1+ 39. Kh2 Qe5+ 40. f4
Qf6 41. Rxd7 Re8 42. Qd6+ Qxd6 43. Rxd6 Ke7 1-0

[Event "First Saturday 2011 november FM-B"]
[Site "Budapest"]
[Date "2011.11.15"]
[Round "11"]
[White "Szabo, Miklos"]
[Black "Bella, Zsolt"]
[Result "0-1"]
[WhiteElo "1345"]
[BlackElo "1457"]
[PlyCount "84"]
[EventDate "2011.11.05"]

1. e4 g6 2. Nf3 Bg7 3. d4 d6 4. Be2 Nd7 5. Be3 c5 6. O-O Qb6 7. Nc3 Qxb2 8. Rb1
Qxc3 9. Rb3 Qa5 10. a3 e5 11. Bd2 Qc7 12. dxc5 dxc5 13. Bc4 Ngf6 14. Ng5 O-O
15. Qe2 h6 16. Nf3 Nb6 17. Ba5 Bd7 18. Rfb1 Ba4 19. Bxb6 axb6 20. Rxb6 Bc6 21.
Bd3 Rxa3 22. Nd2 Bxe4 23. Bxe4 Nd5 24. Bxd5 Rb8 25. Rxb7 Rxb7 26. Rxb7 Ra1+ 27.
Nf1 Qd6 28. Qc4 h5 29. Rxf7 Kh7 30. g3 Rd1 31. Qa2 Qb8 32. Rb7 Qf8 33. Rf7 Qb8
34. Bb7 Qe8 35. Kg2 e4 36. Ne3 Rd4 37. Nd5 Qxf7 38. c4 Qf3+ 39. Kh3 g5 40. Ne3
Rd3 41. Qa8 Rxe3 42. fxe3 Qf1# 0-1

[Event "First Saturday 2011 november FM-B"]
[Site "Budapest"]
[Date "2011.11.15"]
[Round "11"]
[White "Somogyi, Kristof"]
[Black "Mihajlova, Diana"]
[Result "0-1"]
[WhiteElo "1375"]
[BlackElo "1454"]
[PlyCount "56"]
[EventDate "2011.11.05"]

1. f4 d5 2. Nf3 Nc6 3. d4 Bf5 4. Nc3 e6 5. a3 Nge7 6. e3 Ng6 7. h3 Bd6 8. Bd3
Be4 9. Nxe4 dxe4 10. Bxe4 Qd7 11. Bxg6 hxg6 12. O-O O-O-O 13. b4 Ne7 14. Bb2
Nf5 15. Qd3 Ng3 16. Rf2 f5 17. Ne5 Bxe5 18. fxe5 Ne4 19. Re2 Qe7 20. a4 Qg5 21.
Kf1 Ng3+ 22. Ke1 Nxe2 23. Qxe2 Rh4 24. Ra3 Re4 25. Bc1 Rdxd4 26. Bd2 f4 27. c3
Qg3+ 28. Kd1 Rxe3 0-1

[Event "First Saturday 2011 november FM-B"]
[Site "Budapest"]
[Date "2011.11.15"]
[Round "11"]
[White "Kalman, Tamas"]
[Black "Koltai, Daniel"]
[Result "1-0"]
[WhiteElo "1618"]
[BlackElo "1422"]
[PlyCount "87"]
[EventDate "2011.11.05"]

1. e4 c5 2. Nf3 d6 3. d4 cxd4 4. Nxd4 Nf6 5. Nc3 g6 6. Be3 Bg7 7. f3 O-O 8. Qd2
Nc6 9. Bc4 Bd7 10. O-O-O Ne5 11. Bb3 Rc8 12. Qe2 a6 13. Kb1 b5 14. g4 b4 15.
Nd5 Nxd5 16. Bxd5 a5 17. h4 a4 18. h5 e6 19. Bb7 Rb8 20. Ba6 Qa5 21. hxg6 fxg6
22. Bh6 Bxh6 23. Rxh6 Rf7 24. Bc4 Nxc4 25. Qxc4 d5 26. Qe2 e5 27. Qh2 Re8 28.
Ne2 d4 29. Rh1 Ree7 30. Rxg6+ Kf8 31. Qh6+ Rg7 32. Rf6+ Ref7 33. g5 b3 34. cxb3
axb3 35. a3 Qd2 36. Nc1 Ba4 37. Rxf7+ Kxf7 38. Qf6+ Kg8 39. Qxe5 Rxg5 40. Qb8+
Kf7 41. Qa7+ Ke6 42. Qxa4 Qc2+ 43. Ka1 Rc5 44. Qxb3+ 1-0

[Event "First  Saturday 2011 november GM"]
[Site "Budapest"]
[Date "2011.11.14"]
[Round "2.3"]
[White "Maximov, Dimitry"]
[Black "Battey, Alexander"]
[Result "1/2-1/2"]
[WhiteElo "2492"]
[BlackElo "2336"]
[PlyCount "52"]
[EventDate "2011.11.05"]

1. e4 c6 2. Nf3 d5 3. Nc3 Nf6 4. e5 Ne4 5. Ne2 Qb6 6. d4 e6 7. Ng3 c5 8. Bd3
Nxg3 9. hxg3 cxd4 10. a3 Nc6 11. b4 Bd7 12. Qe2 O-O-O 13. O-O Be7 14. Bf4 Rdg8
15. b5 Na5 16. Rfb1 Kb8 17. Qe1 Rc8 18. Bd2 Bd8 19. c3 Nc4 20. Bxc4 Rxc4 21.
cxd4 Ra4 22. Qe3 Be7 23. Qb3 Rc4 24. a4 Rg8 25. Qd3 g6 26. Qe3 h5 1/2-1/2